Ophthalmology clinics of north america (Record no. 38594)

MARC details
000 -LEADER
fixed length control field 00547nam a2200169Ia 4500
022 ## - INTERNATIONAL STANDARD SERIAL NUMBER
ISSN 08961549
050 ## - CALL MARK
Classification number RE 1 .O49/
245 #0 - TITLE STATEMENT
Title Ophthalmology clinics of north america
260 ## - PUBLICATION, DISTRIBUTION, ETC. (IMPRINT)
Place of publication Philadelphia
260 ## - PUBLICATION, DISTRIBUTION, ETC. (IMPRINT)
Name of publisher PA : W.B. Saunders Company
260 ## - PUBLICATION, DISTRIBUTION, ETC. (IMPRINT)
Year of publication 1988
300 ## - PHYSICAL DESCRIPTION
Number of Pages ix, 515-654 p. : ill. ports. ; 24 cm.
650 ## - SUBJECT ADDED ENTRY--TOPICAL TERM
Topical Term Ophthalmology--Periodicals. Eye Diseases--Periodicals. Ophthalmology--Periodicals. Vision Disorders--Periodicals.
942 ## - ADDED ENTRY ELEMENTS (KOHA)
Koha item type Serials

No items available.